Evaluación del sistema actual de tratamiento de aguas residuales para una planta productora de alimentos enlatados y colados

সংরক্ষণ করুন:
গ্রন্থ-পঞ্জীর বিবরন
প্রধান লেখক: Robles Solano, Daniela
বিন্যাস: গ্রন্থ
ভাষা:Spanish
প্রকাশিত: San José, Costa Rica 2013
বিষয়গুলি:
ট্যাগগুলো: ট্যাগ যুক্ত করুন
কোনো ট্যাগ নেই, প্রথমজন হিসাবে ট্যাগ করুন!

MARC

LEADER 00000nam a22000007a 4500
003 011887
005 20221231143902.0
008 150317b2013 cr a|||| |||| 00| 0 spa d
040 |c cru CEDI  
090 |a TFG 7053 
100 |9 524  |a Robles Solano, Daniela  
245 |a  Evaluación del sistema actual de tratamiento de aguas residuales para una planta productora de alimentos enlatados y colados  
260 |a San José, Costa Rica  |c  2013 
650 |x PURIFICACION DE AGUAS RESIDUALES - EVALUACION  |x PURIFICACION DE AGUAS RESIDUALES - EQUIPO Y ACCESORIOS  |x ANALISIS DE AGUAS RESIDUALES  |x  PURIFICACION DE AGUAS RESIDUALES   |9 525 
942 |c TFG 
999 |c 13732  |d 13732